1881 1651 1606 1399 1215 1047 1275 1853 1917 1319 1061 1929 1781 1282 1953 1538 1775 1885 1961 1867 1256 1385 1429 1561 1944 1033 1488 1798 1044 1405 1649 1832 1130 1804 2000 1266 1584 1788 1890 1357 1228 1839 1353 1986 1716 1395 1333 1788 1944 1555 1261 1199 1473 1858 1335 1197 1606 1280 1672 1357 1657 1752 1980 1454 1131 1866 1831 1238 1052 1667 1311 1952 1900 1876 1499 1959 1985 1145 1250 1887 1608 1774 1818 1742 1107 1258 1272 1335 1442 1743 1444 1096 1411 1393 1842 1042 1033 1889 1829 BCNSPRNW ULIB Ver.6.0+V

เปลี่ยนเป็นภาษาไทย

Change to English
 แสดงรายละเอียดบรรณานุกรม
  กลับหน้าหลัก

Brief Record : Get Marc (ISO 2709) : E-mail record : QR code < ปิดหน้าต่าง
LEADER : 00000nam 2200000uu 4500
001    13399125396
003     ULIB
008    170524s2558||||th 000 0 tha d
020    ^a9786161127565
060 04 ^aWB300^bว849ก
100 0  ^aวีระศักดิ์ ศรินนภากร
245 00 ^aการดูแลรักษาโรคเรื้อรังทางอายุรศาสตร์ =^bPractical Management of Chronic Medical Disease /^cวีระศักดิ์ ศรินนภากร
250    ^aพิมพ์ครั้งที่ 1 (ราคา 500 บาท)
260    ^aกรุงเทพฯ :^bกรุงเทพเวชสาร,^c2558
300    ^a472 หน้า :^bภาพประกอบ ; ตาราง ;^c26 ซม.
505 0  ^aภาค 1 โรคเบาหวาน
505 0  ^aภาค 2 โรค SLE
505 0  ^aภาค 3 โรคที่สัมพันธ์กับบุหรี่และมลพิษ
505 0  ^aภาค 4 โรคที่สัมพันธ์กับแอลกอฮอล์
505 0  ^aภาค 5 โรค HIV
650  7 ^aการรักษาโรคเรื้อรังทางอายุรศาสตร์
650  7 ^aโรคเรื้อรัง--การรักษา
650  7 ^aอายุรศาสตร์
700 0  ^aสุรพันธ์ พงศ์สุธนะ
700 0  ^aภาณุวัฒน์ วงศ์กุหลาบ
700 0  ^aณีรวัลย์ กระแจะจันทร์
700 0  ^aกรทิพย์ ผลโภค
945    ^p0^l0^i002215
945    ^p0^l0^i002216
945    ^p0^l0^i002217
999    ^aวรรณษา ชูชัยมงคล
รายการนี้ยังไม่มีแท็ก
คุณยังไม่ได้ล็อกอิน คุณสามารถมีกิจกรรมร่วมกับเว็บไซต์ได้ แต่ต้องล็อกอินก่อน ::
  ล็อกอิน

รายการสื่อสารสนเทศ

ลำดับที่ ประเภท เลขเรียก/บาร์โค้ด สถานที่ สถานะ
1. วิทยาศาสตร์การแพทย์ และสุขภาพ
วิทยาศาสตร์การแพทย์ และสุขภาพ
สถานะ=หนังสือเก่า
WB300 ว849ก ฉ.1 
  Barcode: 002215
ห้องสมุดวิทยาเขตสวรรค์ประชารักษ์
►ส่วนจัดเก็บหนังสือเก่า สปร
บนชั้น
  ขอยืม
2. วิทยาศาสตร์การแพทย์ และสุขภาพ
วิทยาศาสตร์การแพทย์ และสุขภาพ
WB300 ว849ก ฉ.2 
  Barcode: 002216
ห้องสมุดวิทยาเขตสวรรค์ประชารักษ์
►หนังสือทั่วไป
ถูกยืม กำหนดส่งวันที่ 25 มีนาคม 2569
  จอง
3. วิทยาศาสตร์การแพทย์ และสุขภาพ
วิทยาศาสตร์การแพทย์ และสุขภาพ
สถานะ=หนังสือเก่า
WB300 ว849ก ฉ.3 
  Barcode: 002217
ห้องสมุดวิทยาเขตสวรรค์ประชารักษ์
►ส่วนจัดเก็บหนังสือเก่า สปร
บนชั้น
  ขอยืม

รายการใกล้เคียง
    ผู้แต่ง [วีระศักดิ์ ศรินนภากร]

    หัวเรื่อง [อายุรศาสตร์]

BibComment


ยังไม่เคยถูกคอมเมนท์

คอมเมนท์ทรัพยากรรายการนี้
  คอมเมนท์: การดูแลรักษาโรคเ..


 Copyright 2026. Bcnsprnw @Library